000 00526nam a2200193Ia 4500
005 20260120132105.0
008 008 260114s9999 xx 000 0 eng d
020 _a9781383036077
037 _aEBOOK
040 _aCRL
_beng
_cCRL
041 _aeng
_2eng
084 _qCRL
100 _aLowenfeld
_9934821
245 0 _aInternational Economic Law
260 _bOxford University PressOxford University Press
_c2023
856 _uhttps://academic.oup.com/book/51776
942 _cEBOOK
999 _c1526744
_d1526744